Riconosci il Pokémon - Quiz n°613 - Statistics

Statistiche generali
  • Questo quiz è stato fatto 2 volte
  • Il punteggio medio è 10 su 10
Statistiche sulle risposte
Indizio Riposta % Corretto
Peso 152,0 kg
100%
Altezza 1,8 m
100%
Tasso di cattura 45 (11.9%)
100%
Sesso 50% ♂, 50% ♀
100%
Tipo Acqua / Drago
100%
Pokémon Kingdra
100%
Tasso di allevamento Medio-Veloce
100%
Abilità Nuotovelox; Cecchino; Umidità
100%
Generazione Seconda
100%
Stadio evoluzione Seconda evoluzione
100%
Nessun quiz corrispondente trovato
Distribuzione punteggi
Percentuale di utenti per punteggio
Percentile per numero di risposta
I tuoi punteggi nel tempo
Non hai fatto questo quiz